| 000 | 00801cam a22002531a 4500 | ||
|---|---|---|---|
| 001 | sa 65000226 | ||
| 003 | DLC | ||
| 005 | 20260227112101.0 | ||
| 008 | 900123s1963 ii ac 000 0 hino | ||
| 010 | _asa 65000226 | ||
| 035 | _a(OCoLC)20945120 | ||
| 040 |
_aDLC _cWaU _dNSyU _dDLC |
||
| 042 | _apremarc | ||
| 043 | _aa-ii--- | ||
| 050 | 0 | 0 |
_aPK2907.R2 _bU6 |
| 100 | 1 |
_aUpadhyaya, Baldeva, _d1899-1999. |
|
| 245 | 1 | 0 |
_aBhāratīya vāṅmaya meṃ Śrīrādhā. _c[lekhaka] Baladeva Upādhyāya. |
| 250 | _a[Pratama saṃskaraṇa] | ||
| 260 |
_aPaṭanā, _bBihara-Rashtrabhāśa Parishada, _c[1963] |
||
| 300 |
_a6, 523 p. _billus., ports. (part col.) _c25 cm. |
||
| 500 | _aIn Hindi. | ||
| 650 | 0 | _aRādhā (Hindu deity) in literature. | |
| 650 | 0 |
_aIndic literature _xHistory and criticism. |
|
| 999 |
_c61447 _d61447 |
||